| 000 | 00623nam a2200241Ia 4500 | ||
|---|---|---|---|
| 003 | OSt | ||
| 005 | 20221007082426.0 | ||
| 006 | a|||||r|||| 00| 0 | ||
| 007 | ta | ||
| 008 | 221006b |||||||| |||| 00| 0 eng d | ||
| 024 | _a28,454 | ||
| 037 | _cReports / Technical Reports | ||
| 040 |
_aFLL _cFLL _beng |
||
| 041 |
_2eng _aeng |
||
| 082 | _aV2,2:3qN61, M0 | ||
| 110 | _aGovt. of India | ||
| 245 | 0 | _aAllocation of business rules, 1961 | |
| 260 | _c1980 | ||
| 300 |
_a65p _ccm. |
||
| 700 | _aGovt. of India | ||
| 942 |
_hV2,2:3qN61, M0 _cREP _2CC |
||
| 999 |
_c1166375 _d1166375 |
||